Catálogo

It's not the score, It's the trip : (Registro nro. 71106)

Detalles MARC
000 -LEADER
fixed length control field 01139nam a2200289 i 4500
001 - CONTROL NUMBER
control field 71106
003 - CONTROL NUMBER IDENTIFIER
control field Mx-PuUPA
005 - DATE AND TIME OF LATEST TRANSACTION
control field 20240619130200.0
008 - FIXED-LENGTH DATA ELEMENTS--GENERAL INFORMATION
fixed length control field 240619s2020 scua|||fr|||| 00| 0 eng d
020 ## - INTERNATIONAL STANDARD BOOK NUMBER
International Standard Book Number 9781642251494
040 ## - CATALOGING SOURCE
Original cataloging agency Mx-PuUPA
Language of cataloging spa
Transcribing agency Mx-PuUPA
Modifying agency Mx-PuUPA
Description conventions rda
041 0# - LANGUAGE CODE
Language code of text/sound track or separate title eng
100 1# - MAIN ENTRY--PERSONAL NAME
Personal name O'Hara, Brian J.,
Dates associated with a name 1945-
9 (RLIN) 15797
Relator term autor
245 10 - TITLE STATEMENT
Title It's not the score, It's the trip :
Remainder of title one man's journey to building a global franchise /
Statement of responsibility, etc. Brian O'Hara
264 #1 - PRODUCTION, PUBLICATION, DISTRIBUTION, MANUFACTURE, AND COPYRIGHT NOTICE
Place of production, publication, distribution, manufacture Charleston, South Carolina :
Name of producer, publisher, distributor, manufacturer Advantage,
Date of production, publication, distribution, manufacture, or copyright notice ©2020
300 ## - PHYSICAL DESCRIPTION
Extent xiv, 160 páginas, 35 páginas (sin paginación):
Other physical details ilustraciones (en color) ;
Dimensions 24 cm
336 ## - CONTENT TYPE
Fuente rdacontent
Content type term texto
Content type code txt
337 ## - MEDIA TYPE
Source rdamedia
Media type term sin medio
Media type code n
338 ## - CARRIER TYPE
Source rdacarrier
Carrier type term volumen
Carrier type code nc
600 1# - SUBJECT ADDED ENTRY--PERSONAL NAME
Personal name O'Hara, Brian
General subdivision Éxito Biografía
650 #7 - SUBJECT ADDED ENTRY--TOPICAL TERM
Source of heading or term armarc
Topical term or geographic name entry element Empresarios
Geographic subdivision Estados Unidos
Form subdivision Biografía
650 #7 - SUBJECT ADDED ENTRY--TOPICAL TERM
Source of heading or term armarc
Topical term or geographic name entry element Gente de negocios
Form subdivision Biografía
Geographic subdivision Estados Unidos
942 ## - ADDED ENTRY ELEMENTS (KOHA)
Source of classification or shelving scheme Dewey Decimal Classification
Koha item type Libro
Classification part 338.04092
Item part O36
Existencias
Withdrawn status Lost status Source of classification or shelving scheme Damaged status Not for loan Collection code Home library Current library Shelving location Date acquired Source of acquisition Cost, normal purchase price Total Checkouts Full call number Barcode Date last seen Cost, replacement price Price effective from Koha item type
    Dewey Decimal Classification     General Biblioteca Karol Wojtyla Biblioteca Karol Wojtyla Sala general 06/06/2024 2 516.80   338.04092 O36 2020 104874 05/01/2026 516.80 06/06/2024 Libro